| 000 | 00683nam a22002057a 4500 | ||
|---|---|---|---|
| 005 | 20170222131450.0 | ||
| 010 | _aENG-117299 | ||
| 020 |
_c3500.00 _a9789351433255 |
||
| 035 | _aEN-100831 | ||
| 037 | _bDBAD/PUB | ||
| 082 | _a363.582 | ||
| 100 | _aKothari,Vinod | ||
| 245 |
_aGuide to housing finance : _cby Vinod Kothari _ba comprehensive and analytical commentary on mortagge lending / |
||
| 250 | _a2nd ed | ||
| 260 |
_aGurgaon _bLexis Nexis _c2017 |
||
| 270 |
_a14th Floor Building N0-10,Tower-B,DLF Cyber City Phase-II _bGurgaon (Haryana) _e122002 |
||
| 300 |
_aIvi,662p. _c24cm(pbk) _bill |
||
| 500 | _aIncludes index | ||
| 942 |
_2ddc _cEN _h363.582 _mKOT |
||
| 999 |
_c137772 _d137772 |
||